| 000 | 00351nam a2200145Ia 4500 | ||
|---|---|---|---|
| 008 | 150201s2006 xx 000 0 und d | ||
| 082 |
_a618.92 _bH06D |
||
| 100 | _aDANI, V.S. | ||
| 245 | 2 | _aA HANDBOOK OF PRACTICAL PEDIATRICS | |
| 250 | _a2ND | ||
| 260 |
_bJAYPEE BROTHERS _aDELHI _c2006 |
||
| 300 | _a1-248 | ||
| 650 | _aPAEDIATRICS | ||
| 942 |
_2ddc _cBK _02 |
||
| 999 |
_c47 _d47 |
||